000 00407nam a22001577a 4500
005 20231121100727.0
008 231115b |||||||| |||| 00| 0 eng d
020 _a9780534360092
082 _a004.165
_bMIN
245 _aMinitab student version release 12 for Windows ,
_cMinitab Inc.
260 _aUSA
_bMinitab
_c1998
300 _a11-10p
500 _aInclude Index
650 _aComputer
999 _c34727
_d34727